000 01014nam a22002537a 4500
005 20170124103041.0
010 _a109538
020 _c3.50
035 _a109538
037 _bCen Lib/Ret
040 _aDPL
_bHN
082 _a
_bवन्दोपा
100 _aवन्दोपयाय, ताराशंकर
_945019
245 _aकवि /
_cताराशंकर वन्दोपयाय
246 _aKavi /
_bby Tarashankar Vandopadhyaya
260 _bनयुग प्रकाशन
_aदिल्ली
_c1954
270 _b दिल्ली
_a२८१, चावड़ी बाज़ार
_e110006
300 _a214पृ.
_c16सेमी(सजिल्द )
650 _a हिंदी साहित्य
_x
_z
_9110096
650 _a हिंदी साहित्य
_xउपन्यास
_942619
650 _aHindi literature
_9110097
650 _aHindi literature
_xFiction
_9110098
942 _2ddc
_cHN
_h
_mवन्दोपा
999 _c116544
_d116544